000 00860nas a2200301 4500
001 BR2012002985
003 BR-BrBNA
005 20231205120506.0
007 ta
008 230509b bl.|||p| |||| 00| 00por d
040 _aBR-BrBNA
_bpor
_cBiblioteca Nacional de Agricultura
041 _a(Pt)
072 _aK10
100 1 _aScheer, M.B.
100 1 _aCarneiro, C.
100 1 _aBressan, O.A.
100 1 _aSantos, K.G. dos
245 1 _aCrescimento e nutrição de mudas de Lafoensia pacari com lodo de esgoto
650 _aVIVEIRO
650 _aMUDA
650 _aCRESCIMENTO
650 _aDEDALEIRO
650 _aLODO RESIDUAL
650 _aMACROELEMENTO
773 0 _tFloresta e Ambiente (Brazil)
_xISSN 1415-0980
_g(Jan-Mar 2012), v. 19(1) p. 55-65
_wBR2012002985
909 _a202311
_bLúcia
_c55
_dLúcia Elande
942 _2AGRIS
_n0
_cANA
999 _c218785
_d218785